| 000 | 01301cad a22002055a 4500 | ||
|---|---|---|---|
| 001 | L156436 | ||
| 008 | 120521s2012 xxk 000 0 eng d | ||
| 035 | _a(Sirsi) u156436 | ||
| 041 | 0 | _aeng | |
| 110 | 2 |
_aCushman & Wakefield _95888 |
|
| 245 | 0 | 0 |
_aMarketbeat UK investment market _bmonthly briefing _h[electronic resource] |
| 260 |
_aLondon _bCushman & Wakefield _c2012 |
||
| 490 | 0 |
_aCushman & Wakefield Marketbeat UK Investment Market Monthly Briefing _vMay 2012 |
|
| 520 | _aAverage prime yields edged up to 5.78% in April 2012 with retail property most under pressure. By contrast business space sectors have been more stable, with industrial and distribution as well as London offices unchanged and national offices out by 25 basis points. Current prime market yields table for all sectors. Property and location quality are still a more important factor dividing the market than sector. The main risk faced by investors is vacancy and re-letting prospects in secondary retail. | ||
| 590 | _aKA | ||
| 651 | 4 | _aUnited Kingdom | |
| 690 |
_aCommercial property _96227 |
||
| 856 | 4 | 0 |
_uhttps://www.cushwake.com/cwglobal/jsp/kcReportDetail.jsp?Country=GLOBAL&Language=EN&catId=100001&pId=c42800005p _zView the report after free registration with the Knowledge Center at www.cushman.com |
| 942 | _n0 | ||
| 999 |
_c84010 _d84010 |
||